000 00273nam a22001337a 4500
008 170215b xxu||||| |||| 00| 0 eng d
020 _a0030579139
041 _aeng
080 _22ND
_a61
100 _a4
101 _aSHM
245 _aLIMNOLOGY
_cWETZEL
942 _2udc
_cBK
999 _c5590
_d5590